|
|
|
|
| LEADER |
00000caa a22000002c 4500 |
| 001 |
1807513157 |
| 003 |
DE-627 |
| 005 |
20221209102224.0 |
| 007 |
tu |
| 008 |
220623s2022 xx ||||| o 00| ||ger c |
| 035 |
|
|
|a (DE-627)1807513157
|
| 035 |
|
|
|a (DE-599)KXP1807513157
|
| 040 |
|
|
|a DE-627
|b ger
|c DE-627
|e rda
|
| 041 |
|
|
|a ger
|
| 084 |
|
|
|a 1
|2 ssgn
|
| 100 |
1 |
|
|e VerfasserIn
|0 (DE-588)1031389474
|0 (DE-627)736336664
|0 (DE-576)378829351
|4 aut
|a Denk, Ulrike
|
| 109 |
|
|
|a Denk, Ulrike
|
| 245 |
1 |
0 |
|a [Rezension von: Schwarz, Karl, 1952-, "Wie verzerrt ist nun alles!"]
|
| 264 |
|
1 |
|c 2022
|
| 336 |
|
|
|a Text
|b txt
|2 rdacontent
|
| 337 |
|
|
|a ohne Hilfsmittel zu benutzen
|b n
|2 rdamedia
|
| 338 |
|
|
|a Band
|b nc
|2 rdacarrier
|
| 601 |
|
|
|a Rezension
|
| 601 |
|
|
|a Schwarze
|
| 655 |
|
7 |
|a Rezension
|0 (DE-588)4049712-4
|0 (DE-627)106186019
|0 (DE-576)209083166
|2 gnd-content
|
| 700 |
1 |
|
|e VerfasserIn des Bezugswerks
|0 (DE-588)131986600
|0 (DE-627)516473549
|0 (DE-576)298878283
|4 ant
|a Schwarz, Karl
|d 1952-
|
| 773 |
0 |
8 |
|i Enthalten in
|t Auge
|d Wien : Evangelische Kirche A. B. in Österreich, 2021
|g 71(2022), 2, Seite 128-130
|h Bände
|w (DE-627)1767942133
|w (DE-600)3091576-4
|x 1680-4015
|7 nnas
|
| 773 |
1 |
8 |
|g volume:71
|g year:2022
|g number:2
|g pages:128-130
|
| 935 |
|
|
|a mteo
|
| 951 |
|
|
|a AR
|
| ELC |
|
|
|b 1
|
| ITA |
|
|
|a 1
|t 1
|
| LOK |
|
|
|0 000 xxxxxcx a22 zn 4500
|
| LOK |
|
|
|0 001 415461066X
|
| LOK |
|
|
|0 003 DE-627
|
| LOK |
|
|
|0 004 1807513157
|
| LOK |
|
|
|0 005 20220623035026
|
| LOK |
|
|
|0 008 220623||||||||||||||||ger|||||||
|
| LOK |
|
|
|0 035
|a (DE-Tue135)1767942133_71_2022_2_128
|
| LOK |
|
|
|0 040
|a DE-Tue135
|c DE-627
|d DE-Tue135
|
| LOK |
|
|
|0 092
|o n
|
| LOK |
|
|
|0 852
|a DE-Tue135
|
| LOK |
|
|
|0 852 1
|9 00
|
| LOK |
|
|
|0 935
|a imwa
|a ixzs
|
| LOK |
|
|
|0 939
|a 23-06-22
|b l01
|
| ORI |
|
|
|a SA-MARC-ixtheoa001.raw
|